[Event "CZE-chT2A 1718"]
[Site "Czech Republic"]
[Date "2017.10.15"]
[Round "1.8"]
[White "Prochazka, Jiri1111"]
[Black "Fultner, Jaromir"]
[Result "0-1"]
[WhiteElo "2059"]
[BlackElo "1954"]
[PlyCount "109"]
[EventDate "2017.10.15"]
[EventType "team-tourn"]
[EventRounds "11"]
[EventCountry "CZE"]
[SourceTitle "EXT 2022"]
[Source "ChessBase"]
[SourceDate "2021.10.06"]
[SourceVersion "1"]
[SourceVersionDate "2021.10.06"]
[SourceQuality "1"]
[WhiteTeam "Praha Vrsovice"]
[BlackTeam "Most Chess"]
[WhiteTeamCountry "CZE"]
[BlackTeamCountry "CZE"]

1. d4 Nf6 2. Nf3 d5 3. Bf4 Bf5 4. e3 e6 5. Nbd2 Bd6 6. Ne5 0-0 7. Be2 c5 8. g4 Be4 9. f3 Bg6 10. c3 Nc6 11. h4 h5 12. g5 Bxe5 13. Bxe5 Nxe5 14. gxf6 cxd4 15. cxd4 Qxf6 16. dxe5 Qxe5 17. Qb3 Qg3+ 18. Kd1 Rac8 19. Bd3 Rc7 20. Rc1 Rfc8 21. Rxc7 Rxc7 22. Bxg6 Qxg6 23. Rf1 b6 24. Ke2 Qg2+ 25. Kd3 Rc4 26. e4 Rc5 27. Qa4 dxe4+ 28. fxe4 Qg3+ 29. Rf3 Qd6+ 30. Qd4 Qc7 31. Ke3 b5 32. Rf2 e5 33. Qd3 Qb6 34. Ke2 Qc7 35. Nb3 Rc4 36. Kf3 a6 37. Qd5 Rc6 38. Rd2 Rf6+ 39. Ke3 Qb6+ 40. Nc5 Kh7 41. Qxe5 g6 42. b4 Re6 43. Qd4 Rc6 44. Rf2 Qc7 45. e5 Qe7 46. Rf4 Kg8 47. Qd5 Rc8 48. Rf6 Kg7 49. Rf4 Re8 50. Re4 Rd8 51. Qb7 Qxb7 52. Nxb7 Rd1 53. Rd4 Ra1 54. Rd2 Rh1 55. Rd7 0-1

[Event "CZE-chT2B 1516"]
[Site "Czech Republic"]
[Date "2016.01.10"]
[Round "5.8"]
[White "Crha, Josef"]
[Black "Fultner, Jaromir"]
[Result "0-1"]
[WhiteElo "2003"]
[BlackElo "2005"]
[PlyCount "48"]
[EventDate "2015.10.18"]
[EventType "team-tourn"]
[EventRounds "11"]
[EventCountry "CZE"]
[SourceTitle "EXT 2022"]
[Source "ChessBase"]
[SourceDate "2021.10.06"]
[SourceVersion "1"]
[SourceVersionDate "2021.10.06"]
[SourceQuality "1"]
[WhiteTeam "Mlada Boleslav"]
[BlackTeam "Most Chess"]
[WhiteTeamCountry "CZE"]
[BlackTeamCountry "CZE"]

1. d4 Nf6 2. c4 e5 3. dxe5 Ng4 4. Nf3 Bc5 5. e3 Nc6 6. a3 a5 7. Nc3 0-0 8. Na4 Ba7 9. b3 Qe7 10. Bb2 d6 11. exd6 cxd6 12. Be2 Nxf2 13. Kxf2 Qxe3+ 14. Ke1 Qf2+ 15. Kd2 Bf5 16. Kc3 Rfe8 17. Re1 Re3+ 18. Kd2 Rd3+ 19. Kc1 Rxd1+ 20. Kxd1 Re8 21. Nc3 Nd4 22. Rf1 Bc2+ 23. Kc1 Nxe2+ 24. Kxc2 Nd4+ 0-1